[Event "ICS rated blitz match"]
[Site "204.178.125.65"]
[Date "2001.09.18"]
[Round "?"]
[White "nyul"]
[Black "Hossa"]
[Result "0-1"]
[WhiteElo "2094"]
[BlackElo "2601"]
[PlyCount "60"]
[EventDate "2001.??.??"]

1. e4 c5 2. c4 g6 3. d3 Bg7 4. Nc3 d6 5. Nf3 Bg4 6. h3 Be6 7. Be2 Nc6 8. Be3
Nf6 9. Qd2 O-O 10. O-O Re8 11. Bh6 Rc8 12. Rab1 Bd7 13. b3 Nd4 14. Bd1 Qa5 15.
Bxg7 Kxg7 16. Nxd4 cxd4 17. e5 dxc3 18. exf6+ exf6 19. Qc2 b5 20. b4 Qa6 21.
Qxc3 bxc4 22. dxc4 Qxc4 23. Qd2 Bf5 24. Bb3 Qe2 25. Qxe2 Rxe2 26. Rbe1 Bd3 27.
Rxe2 Bxe2 28. Re1 Bc4 29. Rc1 Be6 30. Rc7 Rxc7 {nyul resigns} 0-1

[Event "ICS rated blitz match"]
[Site "204.178.125.65"]
[Date "2001.09.18"]
[Round "?"]
[White "Hossa"]
[Black "QueenMaxima"]
[Result "1-0"]
[WhiteElo "2603"]
[BlackElo "2503"]
[PlyCount "143"]
[EventDate "2001.??.??"]

1. c4 c6 2. e4 e6 3. Nf3 Nf6 4. e5 Ne4 5. d3 Bb4+ 6. Ke2 Nc5 7. a3 Qa5 8. Nbd2
Bxd2 9. Bxd2 Qa4 10. Qxa4 Nxa4 11. Be3 b6 12. b3 Nc5 13. Bxc5 bxc5 14. Ng5 Na6
15. Ne4 O-O 16. Ke3 Rb8 17. Rb1 f6 18. exf6 gxf6 19. Nd6 Nc7 20. Be2 a5 21. Ne4
Na6 22. Rhc1 Kf7 23. g4 Ke7 24. Rb2 Rg8 25. h3 d6 26. f4 Nc7 27. Bf3 Ba6 28.
Re1 Rb6 29. Nc3 Rgb8 30. Reb1 Kd7 31. Na4 R6b7 32. Be4 h5 33. gxh5 f5 34. Bf3
Ne8 35. h6 Nf6 36. Rg2 Ng8 37. h7 Ne7 38. Rg7 Rh8 39. h4 Rf8 40. h5 Rh8 41. Rb2
Rc8 42. Bd1 Rbb8 43. Rh2 Rh8 44. Rh1 Rbe8 45. Rhg1 Rb8 46. Rf7 Rbf8 47. Rxf8
Rxf8 48. Rg7 Rh8 49. Nb6+ Kd8 50. Bf3 Ke8 51. h6 Kd8 52. Bxc6 Kc7 53. Bd7 e5
54. Rxe7 exf4+ 55. Kxf4 Kxb6 56. Kxf5 d5 57. Re6+ Ka7 58. Kg6 dxc4 59. bxc4 Bc8
60. Bxc8 Rxc8 61. Re7+ Kb6 62. Kg7 Kc6 63. Re6+ Kd7 64. Re2 a4 65. h8=Q Rxh8
66. Kxh8 Kc6 67. h7 Kc7 68. Kg8 Kb7 69. Re7+ Kc6 70. h8=Q Kb6 71. Qh6+ Ka5 72.
Ra7# {QueenMaxima checkmated} 1-0

[Event "ICS rated blitz match"]
[Site "204.178.125.65"]
[Date "2001.09.18"]
[Round "?"]
[White "ChesterX"]
[Black "Hossa"]
[Result "1-0"]
[WhiteElo "2748"]
[BlackElo "2615"]
[PlyCount "167"]
[EventDate "2001.??.??"]

1. d4 e6 2. c4 Bb4+ 3. Bd2 a5 4. Nf3 d6 5. Nc3 Nf6 6. Qc2 Nbd7 7. e4 O-O 8. a3
Bxc3 9. Bxc3 c5 10. e5 cxd4 11. exf6 dxc3 12. fxg7 Kxg7 13. Qxc3+ Qf6 14. Qxf6+
Nxf6 15. Rd1 Ra6 16. Bd3 Rb6 17. Rd2 e5 18. Nh4 e4 19. Be2 Be6 20. O-O Nd7 21.
Rc1 Rc8 22. Rc3 Ne5 23. b3 a4 24. b4 Kf6 25. Rd4 Rbc6 26. Rxe4 d5 27. Rf4+ Kg5
28. Rd4 Nxc4 29. f4+ Kf6 30. f5 Ne5 31. Rxc6 Nxc6 32. Rd1 Bxf5 33. Rf1 Nd4 34.
Bd3 Rc1 35. Rxc1 Bxd3 36. Rd1 Ne2+ 37. Kf2 Bc4 38. Nf3 Nc3 39. Ra1 Ne4+ 40. Ke3
Nd6 41. Nd4 Ke5 42. Rc1 h6 43. Nf3+ Kf6 44. g3 Nb5 45. Nd4 Nxa3 46. Ra1 Nb5 47.
Rxa4 Nc7 48. Ra7 Ba6 49. g4 Ke5 50. Nc6+ Kf6 51. h3 Nb5 52. Ra8 Nd6 53. Nd4 Bf1
54. h4 Bg2 55. Kf4 Be4 56. Rh8 Kg6 57. h5+ Kg7 58. Rd8 Nc4 59. Rd7 Nb2 60. Rxb7
Nd3+ 61. Kg3 Kf6 62. b5 Nc5 63. Rc7 Na4 64. Kf4 Kg7 65. g5 hxg5+ 66. Kxg5 Kg8
67. Rc6 Bd3 68. Kf6 Be4 69. b6 Nxb6 70. Rxb6 Bg2 71. Rb8+ Kh7 72. Rf8 Be4 73.
Rxf7+ Kh6 74. Nf5+ Kxh5 75. Rg7 Bxf5 76. Kxf5 Kh4 77. Rg4+ Kh3 78. Kf4 d4 79.
Kf3 d3 80. Rd4 Kh2 81. Rxd3 Kh3 82. Rd5 Kh4 83. Rc5 Kh3 84. Rh5# {
Hossa checkmated} 1-0

[Event "ICS rated blitz match"]
[Site "204.178.125.65"]
[Date "2001.09.18"]
[Round "?"]
[White "mate-in8"]
[Black "Hossa"]
[Result "0-1"]
[WhiteElo "2098"]
[BlackElo "2608"]
[PlyCount "58"]
[EventDate "2001.??.??"]

1. e4 e5 2. Bc4 f5 3. Nc3 Nf6 4. d3 fxe4 5. dxe4 Nc6 6. Nge2 Na5 7. Bd3 Be7 8.
O-O O-O 9. f4 Bc5+ 10. Kh1 Ng4 11. Qe1 Nc6 12. Qg3 Nf6 13. f5 Kh8 14. Bg5 b6
15. Qh4 Nb4 16. Rf3 Bb7 17. Rh3 Qe7 18. Ng3 Qf7 19. Bc4 Qxc4 20. Bxf6 Qg8 21.
Bxe5 d6 22. Bf4 Nxc2 23. Rd1 Rae8 24. Nh5 Rxe4 25. Nxe4 Bxe4 26. f6 gxf6 27.
Rg3 Bg6 28. Nxf6 Qf7 29. Bg5 Bf2 {mate-in8 resigns} 0-1

[Event "ICS rated blitz match"]
[Site "204.178.125.65"]
[Date "2001.09.18"]
[Round "?"]
[White "Hossa"]
[Black "mate-in8"]
[Result "1-0"]
[WhiteElo "2610"]
[BlackElo "2096"]
[PlyCount "55"]
[EventDate "2001.??.??"]

1. d4 Nf6 2. c4 c5 3. d5 b5 4. cxb5 a6 5. e3 Bb7 6. Nc3 Qa5 7. Bd2 Qb6 8. bxa6
Nxa6 9. Bc4 Nb4 10. e4 e6 11. dxe6 fxe6 12. Qb1 d5 13. Bb5+ Bc6 14. Bxc6+ Qxc6
15. exd5 exd5 16. Nce2 Qb5 17. Nc1 Ne4 18. Nf3 Bd6 19. a3 Nc6 20. Qa2 O-O 21.
Qxd5+ Kh8 22. Be3 Rae8 23. Nd3 Nd4 24. Nxd4 Qxd3 25. Rd1 Qa6 26. Ne6 Rxf2 27.
Bxf2 Nxf2 28. Kxf2 {mate-in8 resigns} 1-0

[Event "ICS rated blitz match"]
[Site "204.178.125.65"]
[Date "2001.09.18"]
[Round "?"]
[White "Hossa"]
[Black "agro"]
[Result "1-0"]
[WhiteElo "2612"]
[BlackElo "2463"]
[PlyCount "111"]
[EventDate "2001.??.??"]

1. c4 e5 2. g3 Nc6 3. Nc3 f5 4. Bh3 g6 5. d3 Nf6 6. Nf3 Bg7 7. c5 O-O 8. O-O d6
9. cxd6 cxd6 10. Bg2 h6 11. d4 e4 12. Ne1 g5 13. Nc2 d5 14. b3 Be6 15. Ba3 Rf7
16. Qd2 Qd7 17. f4 Nh7 18. Rac1 Kh8 19. Na4 b6 20. Nc3 Rg8 21. Nb5 a6 22. Nd6
Rf6 23. Nb4 Nb8 24. Nc2 Bf8 25. Qb4 Nc6 26. Qxb6 Bxd6 27. Bxd6 Qxd6 28. Qxa6
Bd7 29. Qb6 Ne7 30. Qxd6 Rxd6 31. Ne3 gxf4 32. Rxf4 Ng6 33. Rff1 Rf8 34. Rc5
Be6 35. Bh3 Ne7 36. Rc7 Rd7 37. Rc3 Ng5 38. Bg2 Ng6 39. Rc6 f4 40. h4 fxe3 41.
hxg5 Rxf1+ 42. Bxf1 Nf8 43. gxh6 Kh7 44. Rc8 Ng6 45. a4 Rb7 46. Rc6 Bf7 47. a5
Kxh6 48. Rb6 Rc7 49. a6 Kg7 50. b4 Ne7 51. b5 Kf8 52. Rb8+ Be8 53. b6 Rc1 54.
a7 Nf5 55. a8=Q Nxg3 56. Rxe8+ {agro resigns} 1-0

[Event "ICS rated blitz match"]
[Site "204.178.125.65"]
[Date "2001.09.19"]
[Round "?"]
[White "agro"]
[Black "Hossa"]
[Result "0-1"]
[WhiteElo "2453"]
[BlackElo "2622"]
[PlyCount "84"]
[EventDate "2001.??.??"]

1. e4 e5 2. Nf3 a6 3. Bc4 Nc6 4. O-O b5 5. Bb3 Bd6 6. c3 Nf6 7. d4 O-O 8. dxe5
Bxe5 9. Nxe5 Nxe5 10. f4 Ng6 11. e5 Ne8 12. Qd4 d6 13. Nd2 Bg4 14. h3 Bf5 15.
Nf3 Be6 16. Bc2 Bc4 17. Re1 c5 18. Qf2 Bd5 19. Ng5 h6 20. Nf3 Ne7 21. Be3 Rc8
22. Rad1 Qc7 23. Qg3 a5 24. f5 dxe5 25. Bxh6 f6 26. Nh4 Bxa2 27. Re4 Kh8 28.
Bc1 Nd6 29. Rg4 Rcd8 30. Ng6+ Nxg6 31. fxg6 Nf5 32. Bxf5 Rxd1+ 33. Kh2 Re8 34.
Qh4+ Kg8 35. Qh7+ Kf8 36. Bh6 Bg8 37. Qh8 Rf1 38. Be4 gxh6 39. g7+ Ke7 40. Qxh6
Qd6 41. h4 Qd1 42. Kg3 Qe1+ {agro resigns} 0-1

[Event "ICS rated blitz match"]
[Site "204.178.125.65"]
[Date "2001.09.19"]
[Round "?"]
[White "Hossa"]
[Black "Ran"]
[Result "1-0"]
[WhiteElo "2631"]
[BlackElo "2039"]
[PlyCount "34"]
[EventDate "2001.??.??"]

1. e4 c5 2. Nc3 Nc6 3. Nf3 g6 4. d4 cxd4 5. Nxd4 Bg7 6. Be3 Nf6 7. Nxc6 bxc6 8.
e5 Ng8 9. f4 Nh6 10. Bd3 d5 11. Bc5 O-O 12. O-O Bf5 13. Qd2 Re8 14. Ne2 Bxd3
15. cxd3 f6 16. Nd4 Qc8 17. e6 Kf8 {Ran resigns} 1-0

[Event "ICS rated blitz match"]
[Site "204.178.125.65"]
[Date "2001.09.19"]
[Round "?"]
[White "EduardoLimp"]
[Black "Hossa"]
[Result "0-1"]
[WhiteElo "2307"]
[BlackElo "2632"]
[PlyCount "76"]
[EventDate "2001.??.??"]

1. d4 Nf6 2. Nf3 e6 3. c3 d5 4. Bg5 c5 5. e3 Bd7 6. Nbd2 cxd4 7. exd4 Bd6 8.
Bd3 Nc6 9. O-O Qe7 10. Re1 O-O-O 11. a4 h6 12. Bh4 g5 13. Bg3 Bxg3 14. hxg3 Ng4
15. Ne5 Ncxe5 16. dxe5 h5 17. Nf3 Kb8 18. Nd4 Rdf8 19. Bb5 Rhg8 20. a5 Bxb5 21.
Nxb5 a6 22. Nd4 Qc7 23. Qe2 Rc8 24. Ra3 Qe7 25. b4 Rc4 26. Rb3 Qc7 27. f3 Nh6
28. Qe3 Qd8 29. Reb1 Kc8 30. b5 Qc7 31. bxa6 bxa6 32. Qe2 Qxa5 33. Rb8+ Kd7 34.
R1b7+ Rc7 35. Rxc7+ Kxc7 36. Rb4 Qa1+ 37. Kh2 Ng4+ 38. fxg4 hxg4 {
EduardoLimp resigns} 0-1

[Event "ICS Rated blitz match"]
[Site "204.178.125.65"]
[Date "2001.09.19"]
[Round "?"]
[White "Hossa"]
[Black "perucho"]
[Result "0-1"]
[WhiteElo "2636"]
[BlackElo "2886"]
[PlyCount "123"]
[EventDate "2001.??.??"]

1. e4 c5 2. Nc3 Nc6 3. Nf3 e6 4. d4 cxd4 5. Nxd4 a6 6. Nxc6 bxc6 7. Bd3 d5 8.
O-O Bd6 9. Re1 Be5 10. exd5 Bxc3 11. bxc3 cxd5 12. Qg4 Qf6 13. Qg3 h6 14. Ba3
Ne7 15. Bxe7 Kxe7 16. c4 Rd8 17. cxd5 Kf8 18. dxe6 Bxe6 19. Be4 Rac8 20. Qa3+
Kg8 21. Qxa6 Rd2 22. Qa7 Bf5 23. Qe3 Rdd8 24. Rab1 Re8 25. Qf3 Bxe4 26. Rxe4
Qxf3 27. Rxe8+ Rxe8 28. gxf3 Ra8 29. Rb2 Kf8 30. c4 Ke7 31. Rd2 Ra3 32. Rc2
Rxf3 33. Kg2 Ra3 34. f3 Kd6 35. Kg3 Kc5 36. Kf4 g6 37. Ke4 h5 38. f4 Ra6 39. f5
g5 40. Rf2 f6 41. Rc2 Ra4 42. Kd3 Ra3+ 43. Ke2 g4 44. Kf2 Rf3+ 45. Ke2 Rxf5 46.
Ke3 Rf3+ 47. Ke4 f5+ 48. Ke5 h4 49. a3 g3 50. hxg3 hxg3 51. Rc1 g2 52. Rg1 Rf2
53. a4 f4 54. Ke4 f3 55. Rd1 Kb4 56. c5 Rf1 57. Rd6 g1=Q 58. Rb6+ Kxa4 59. Rb2
Re1+ 60. Kd5 Qg5+ 61. Kc6 Re6+ 62. Kd7 {Hossa resigns} 0-1

[Event "ICS rated blitz match"]
[Site "204.178.125.65"]
[Date "2001.09.19"]
[Round "?"]
[White "perucho"]
[Black "Hossa"]
[Result "1-0"]
[WhiteElo "2892"]
[BlackElo "2630"]
[PlyCount "138"]
[EventDate "2001.??.??"]

1. c4 Nf6 2. Nf3 Nc6 3. d4 e6 4. a3 Be7 5. d5 Nb8 6. Nc3 exd5 7. cxd5 O-O 8.
Bf4 Re8 9. h3 d6 10. e3 c6 11. Bd3 cxd5 12. O-O Be6 13. b4 a6 14. Qc2 Nc6 15.
Rfd1 Rc8 16. Rac1 Ne4 17. Bxe4 dxe4 18. Qxe4 Bb3 19. Rd2 Qd7 20. Nd5 Bd8 21.
Qb1 Bxd5 22. Rxd5 Re6 23. Bg3 Ne7 24. Rxc8 Nxd5 25. Qc2 Ne7 26. Ra8 Nc6 27. Qf5
Re7 28. Qd5 h6 29. Nd2 Kh7 30. Ne4 Bc7 31. Qd3 Qf5 32. Nf6+ Kg6 33. Qxf5+ Kxf5
34. Nd5 Rd7 35. Rg8 f6 36. Nxc7 Rxc7 37. Bxd6 Rd7 38. Bc5 Ne5 39. Kf1 Nc4 40.
a4 Nb2 41. a5 Nd3 42. Rc8 Ke4 43. Bf8 Kf5 44. g4+ Ke6 45. f4 f5 46. Ke2 fxg4
47. hxg4 Kf7 48. Bc5 Nc1+ 49. Kf3 Nd3 50. f5 Kf6 51. Bd4+ Kf7 52. Bc3 Re7 53.
e4 Ne5+ 54. Bxe5 Rxe5 55. Rc7+ Re7 56. Rxe7+ Kxe7 57. e5 Kf8 58. g5 hxg5 59.
Kg4 Ke8 60. f6 gxf6 61. exf6 Kf8 62. Kxg5 Ke8 63. Kf5 Kd7 64. f7 Kc6 65. f8=Q
Kb5 66. Qc5+ Ka4 67. Ke4 Kb3 68. Kd3 b5 69. axb6 a5 {Hossa resigns} 1-0

[Event "ICS rated blitz match"]
[Site "204.178.125.65"]
[Date "2001.09.19"]
[Round "?"]
[White "Hossa"]
[Black "perucho"]
[Result "1-0"]
[WhiteElo "2624"]
[BlackElo "2898"]
[PlyCount "124"]
[EventDate "2001.??.??"]

1. e4 c5 2. Nf3 e6 3. d4 cxd4 4. Nxd4 Nc6 5. Nc3 a6 6. Be2 Qc7 7. Be3 Nf6 8.
Nxc6 dxc6 9. Qd2 Be7 10. O-O-O O-O 11. Qe1 b5 12. f3 c5 13. Qg3 Qxg3 14. hxg3
Bb7 15. a4 b4 16. Nb1 Bc6 17. b3 a5 18. Nd2 Rfd8 19. Nc4 Nd7 20. Kb1 Ra7 21.
Bf4 h6 22. g4 Bf6 23. Rh5 Rda8 24. g3 Bd4 25. g5 e5 26. Bd2 hxg5 27. Bxg5 f6
28. Bc1 g6 29. Rh3 Kf7 30. Rh7+ Ke8 31. Bh6 Kd8 32. Rf7 g5 33. Bg7 g4 34. Bxf6+
Nxf6 35. Rxf6 gxf3 36. Bxf3 Bd7 37. Nb6 Kc7 38. Nxa8+ Rxa8 39. Rf7 Rd8 40. Bg4
Kc6 41. Bxd7+ Rxd7 42. Rdf1 Rd6 43. R7f6 c4 44. bxc4 Be3 45. Rxd6+ Kxd6 46. Rf3
Bg5 47. Kb2 Be7 48. Rd3+ Kc5 49. Kb3 Bg5 50. Rd5+ Kb6 51. Rxe5 Bd2 52. Rb5+ Kc6
53. Rxa5 Kb6 54. Rb5+ Kc6 55. a5 Be3 56. a6 Bf2 57. Kxb4 Ba7 58. e5 Be3 59. c5
Kd5 60. a7 Kd4 61. e6 Bg5 62. c6 Be7+ {perucho resigns} 1-0

[Event "ICS rated blitz match"]
[Site "204.178.125.65"]
[Date "2001.09.19"]
[Round "?"]
[White "perucho"]
[Black "Hossa"]
[Result "1-0"]
[WhiteElo "2871"]
[BlackElo "2651"]
[PlyCount "147"]
[EventDate "2001.??.??"]

1. Nf3 d5 2. c4 e6 3. d4 Nf6 4. Nc3 Be7 5. Bf4 c5 6. dxc5 Bxc5 7. cxd5 exd5 8.
e3 O-O 9. Be2 Nc6 10. O-O Be6 11. Rc1 Rc8 12. Qa4 Qe7 13. Ne5 Bf5 14. Nxc6 Rxc6
15. Bg5 Rd8 16. Qb3 Be4 17. Rfd1 Bb6 18. Nxe4 dxe4 19. Rxc6 bxc6 20. Qc4 Rxd1+
21. Bxd1 Qd6 22. Bb3 Qd5 23. Bxf6 Qxc4 24. Bxc4 gxf6 25. Ba6 f5 26. Bb7 f4 27.
exf4 e3 28. fxe3 Bxe3+ 29. Kh1 Bxf4 30. Bxc6 Be5 31. b3 Kg7 32. Be4 h6 33. g3
Kf6 34. Bd3 Bd4 35. Bc4 Kg6 36. Kg2 f5 37. Kf3 Kf6 38. Bd3 Ke5 39. h4 Bc5 40.
g4 Be7 41. gxf5 Bxh4 42. Kg4 Bg5 43. Bb5 Be3 44. Be8 Bg5 45. b4 Bd2 46. b5 Bc3
47. a4 Bd2 48. Bg6 Kf6 49. Kh5 Bf4 50. a5 Be3 51. Kg4 Bd4 52. Be8 Ke7 53. Bc6
Kf6 54. Be4 Ke5 55. Bc2 Kd5 56. Bd3 Kd6 57. Kh5 Be3 58. f6 Kd7 59. Kg6 Bc5 60.
f7 Bf8 61. Be2 Kd6 62. Kh7 Be7 63. Kg7 Kc7 64. f8=Q Bxf8+ 65. Kxf8 Kd6 66. Bf3
Kc7 67. Ke7 Kc8 68. Kd6 Kd8 69. b6 a6 70. b7 Ke8 71. Ke6 Kf8 72. Kf6 Kg8 73.
b8=Q+ Kh7 74. Be4# {Hossa checkmated} 1-0

[Event "ICS rated blitz match"]
[Site "204.178.125.65"]
[Date "2001.09.19"]
[Round "?"]
[White "Tinker"]
[Black "Hossa"]
[Result "0-1"]
[WhiteElo "2464"]
[BlackElo "2645"]
[PlyCount "54"]
[EventDate "2001.??.??"]

1. e4 c5 2. Nf3 d6 3. d4 cxd4 4. Nxd4 Nf6 5. Nc3 a6 6. Bg5 e5 7. Bxf6 gxf6 8.
Nf3 f5 9. Bc4 Nc6 10. O-O fxe4 11. Nxe4 Rg8 12. Qd2 Be7 13. Qh6 Bf5 14. Bd3 Rg6
15. Qe3 Qd7 16. a3 d5 17. Nc5 Bxc5 18. Qxc5 Bxd3 19. cxd3 Rxg2+ 20. Kh1 Qh3 21.
Qe3 O-O-O 22. Rg1 Rdg8 23. b4 Nd4 24. Qc1+ Kd8 25. Qf1 Qxf3 26. Rxg2 Ne2 27.
Re1 Nf4 {Tinker resigns} 0-1

[Event "ICS rated blitz match"]
[Site "204.178.125.65"]
[Date "2001.09.19"]
[Round "?"]
[White "Hossa"]
[Black "squirtle"]
[Result "0-1"]
[WhiteElo "2653"]
[BlackElo "2707"]
[PlyCount "72"]
[EventDate "2001.??.??"]

1. c4 e5 2. g3 Nf6 3. Nc3 Bb4 4. Bg2 O-O 5. Nf3 Nc6 6. O-O e4 7. Ng5 Bxc3 8.
dxc3 Re8 9. c5 Qe7 10. Be3 b6 11. cxb6 axb6 12. Qc2 d6 13. Bd2 h6 14. Nh3 Bg4
15. Be1 Qe6 16. Nf4 Qc4 17. f3 Bf5 18. fxe4 Bxe4 19. Bxe4 Nxe4 20. Qd3 Ne5 21.
Qd4 Nf6 22. b3 Qxd4+ 23. cxd4 Ned7 24. Rc1 g5 25. Nd3 Rxa2 26. Rxc7 Rexe2 27.
Bf2 Red2 28. Nb4 Rab2 29. Nc6 Ne4 30. Rxd7 Nxf2 31. Rc1 Nh3+ 32. Kf1 Rxh2 33.
Rd8+ Kh7 34. Rh8+ Kxh8 35. Rc2 Rb1+ 36. Rc1 Rxc1# {Hossa checkmated} 0-1

[Event "ICS rated blitz match"]
[Site "204.178.125.65"]
[Date "2001.09.19"]
[Round "?"]
[White "squirtle"]
[Black "Hossa"]
[Result "1-0"]
[WhiteElo "2724"]
[BlackElo "2639"]
[PlyCount "97"]
[EventDate "2001.??.??"]

1. e4 c5 2. Nf3 Nc6 3. Bb5 e6 4. O-O Nge7 5. Re1 Ng6 6. c3 e5 7. d4 cxd4 8.
cxd4 exd4 9. Nxd4 Bc5 10. Be3 Bxd4 11. Bxd4 Qg5 12. Bf1 Nxd4 13. Qxd4 Qe5 14.
Qxe5+ Nxe5 15. Nc3 b6 16. Nb5 Ke7 17. Rad1 Bb7 18. Nd6 Bc6 19. f4 Ng6 20. g3
Nf8 21. Nf5+ Kd8 22. Nxg7 Rg8 23. Nf5 Ne6 24. Kf2 Re8 25. Nd6 Rf8 26. f5 Nc7
27. b4 Ne8 28. b5 Nxd6 29. Rxd6 Bb7 30. Red1 Bc8 31. Bc4 Ke8 32. Rh6 Rh8 33.
Rdd6 Kf8 34. e5 Kg7 35. Rh5 h6 36. Rf6 Kf8 37. Bxf7 Rb8 38. Bc4+ Ke7 39. Rfxh6
Rf8 40. f6+ Ke8 41. Rh8 d5 42. Rxf8+ Kxf8 43. Bxd5 Ke8 44. Rh8+ Kd7 45. f7 Ba6
46. Rxb8 Bc8 47. f8=Q a6 48. e6+ Kc7 49. Rxc8# {Hossa checkmated} 1-0

[Event "ICS rated blitz match"]
[Site "204.178.125.65"]
[Date "2001.09.19"]
[Round "?"]
[White "Hossa"]
[Black "Tinker"]
[Result "1-0"]
[WhiteElo "2627"]
[BlackElo "2456"]
[PlyCount "117"]
[EventDate "2001.??.??"]

1. d4 Nf6 2. c4 e6 3. Nf3 d5 4. Nc3 Be7 5. Bf4 c5 6. dxc5 Bxc5 7. e3 Nc6 8. Be2
O-O 9. O-O dxc4 10. Qxd8 Rxd8 11. Bxc4 Nd5 12. Nxd5 exd5 13. Bb3 Bg4 14. Rac1
Bb4 15. Rfd1 d4 16. Bc4 Bxf3 17. gxf3 dxe3 18. fxe3 Bd2 19. Rb1 Rac8 20. Kf1
Nb4 21. Bg5 Rd7 22. Bb3 h6 23. Ke2 hxg5 24. Rxd2 Rxd2+ 25. Kxd2 Kf8 26. e4 Rd8+
27. Kc3 a5 28. a3 Rd3+ 29. Kc4 b5+ 30. Kxb5 Rxb3 31. axb4 axb4 32. Rg1 f6 33.
Rg2 Rxf3 34. Kxb4 Re3 35. Kc5 Rxe4 36. b4 Re5+ 37. Kc6 Re6+ 38. Kc7 Kf7 39. b5
Re7+ 40. Kc6 Re6+ 41. Kb7 Re7+ 42. Ka6 Re1 43. b6 Ra1+ 44. Kb7 Kf8 45. Rc2 Re1
46. Kc6 Kf7 47. b7 Rb1 48. Rc5 Rxb7 49. Kxb7 g4 50. Kb6 Kg6 51. Rc6 Kh5 52. Rc8
f5 53. Rg8 g5 54. Kc6 f4 55. Kd5 g3 56. hxg3 f3 57. g4+ Kh4 58. Rf8 Kg3 59. Ke4
{Tinker resigns} 1-0

[Event "ICS rated blitz match"]
[Site "204.178.125.65"]
[Date "2001.09.19"]
[Round "?"]
[White "Tinker"]
[Black "Hossa"]
[Result "1-0"]
[WhiteElo "2447"]
[BlackElo "2636"]
[PlyCount "177"]
[EventDate "2001.??.??"]

1. e4 c5 2. Nf3 d6 3. d4 cxd4 4. Nxd4 Nf6 5. Nc3 a6 6. Bg5 e6 7. f4 Nbd7 8. Qf3
Qc7 9. O-O-O b5 10. Bd3 Bb7 11. Rhe1 Be7 12. Qg3 b4 13. Nb1 h6 14. Bh4 O-O 15.
e5 dxe5 16. fxe5 Nd5 17. Bxe7 Nxe7 18. Nd2 Bd5 19. Kb1 Rac8 20. Rc1 Rfd8 21.
N2b3 Bxb3 22. Nxb3 Nc6 23. Bxa6 Rb8 24. c3 Ndxe5 25. cxb4 Rxb4 26. Red1 Ra8 27.
Be2 Qb8 28. Rc3 Ne7 29. Rdc1 Ra7 30. Rc5 f6 31. R1c2 Rb6 32. Qe3 Ra4 33. Rc7
Kf8 34. Qc5 N5c6 35. Rc8+ Qxc8 36. Qxb6 Ra8 37. Bb5 Rb8 38. Qc5 Ne5 39. Qb4 Qd8
40. Rd2 Qb6 41. Nd4 Kf7 42. Qb3 Nd5 43. Rd1 Qa5 44. Qh3 Nc7 45. Be2 Qa8 46. Ka1
Rb6 47. Qc3 Nd5 48. Qc5 Rb8 49. Bh5+ g6 50. Be2 Qb7 51. Qc1 Qb6 52. Bb5 Qa5 53.
Be2 Rh8 54. a3 Qa4 55. h4 h5 56. Bb5 Qa7 57. Kb1 Qb6 58. Qd2 Rc8 59. Qh6 Kg8
60. g3 Rc5 61. a4 Rc8 62. Qd2 Nc7 63. Be2 Ra8 64. Qc2 Nd5 65. Bb5 Kh7 66. Rd2
Rb8 67. Qd1 Nc4 68. Rd3 Nce3 69. Qd2 Rd8 70. a5 Qd6 71. Nc6 Nc4 72. Qc2 Nce3
73. Qc1 Rc8 74. Qxe3 Qxc6 75. Bxc6 Nxe3 76. Bb7 Rc7 77. a6 Nc4 78. Rc3 Kh6 79.
a7 Rxb7 80. a8=Q Rxb2+ 81. Kc1 g5 82. Qh8+ Kg6 83. Rxc4 Re2 84. Qe8+ Kh6 85.
Rc7 Re1+ 86. Kd2 gxh4 87. Qg8 Re2+ 88. Kxe2 hxg3 89. Qg7# {Hossa checkmated}
1-0

[Event "ICS rated blitz match"]
[Site "204.178.125.65"]
[Date "2001.09.19"]
[Round "?"]
[White "Hossa"]
[Black "Goteborg"]
[Result "0-1"]
[WhiteElo "2604"]
[BlackElo "2741"]
[PlyCount "93"]
[EventDate "2001.??.??"]

1. e4 c5 2. Nf3 d6 3. d4 cxd4 4. Nxd4 Nf6 5. Nc3 a6 6. Be2 e5 7. Nb3 Be7 8. O-O
O-O 9. Be3 Be6 10. f4 exf4 11. Bxf4 Nc6 12. Kh1 d5 13. exd5 Nxd5 14. Nxd5 Bxd5
15. Bd3 Nb4 16. Bf5 g6 17. Bd3 Rc8 18. Bh6 Re8 19. Re1 Bd6 20. Rxe8+ Qxe8 21.
Nd4 Qe5 22. Qg1 Bxa2 23. Be3 Nxd3 24. cxd3 Bd5 25. Rf1 Qh5 26. Bf4 Bxf4 27.
Rxf4 Qg5 28. Rf1 Qd2 29. b4 Qxb4 30. Qe3 Qb2 31. Ne2 Rc2 32. Re1 h6 33. d4 Rd2
34. h4 Bc4 35. Nc3 Rxg2 36. Qh3 Rc2 37. Ne4 Bd5 38. Qg3 Qxd4 39. Qe3 Qe5 40.
Re2 Rxe2 41. Qxe2 Bxe4+ 42. Kg1 Qg3+ 43. Kf1 Bd3 44. Qxd3 Qxd3+ 45. Kf2 b5 46.
h5 b4 47. hxg6 {Hossa resigns} 0-1

[Event "ICS rated blitz match"]
[Site "204.178.125.65"]
[Date "2001.09.19"]
[Round "?"]
[White "Tinker"]
[Black "Hossa"]
[Result "0-1"]
[WhiteElo "2479"]
[BlackElo "2594"]
[PlyCount "96"]
[EventDate "2001.??.??"]

1. e4 c5 2. Nf3 d6 3. d4 cxd4 4. Nxd4 Nf6 5. Nc3 a6 6. Bg5 Nc6 7. Qd2 e6 8.
O-O-O Bd7 9. f4 h6 10. Bh4 g5 11. fxg5 Ng4 12. Nf3 hxg5 13. Bg3 f6 14. Be2 Nge5
15. Kb1 Be7 16. h4 gxh4 17. Rxh4 Rxh4 18. Nxh4 Qb6 19. Na4 Qb4 20. Qxb4 Nxb4
21. Bh5+ Kd8 22. Nb6 Rb8 23. c3 Nbd3 24. Be2 Nc5 25. Rd4 Bc6 26. Bf3 Kc7 27.
Nc4 Rg8 28. Bh2 Bb5 29. Na5 Rh8 30. Bg3 b6 31. Nb3 Rg8 32. Bh2 Bd3+ 33. Ka1 a5
34. Nxc5 bxc5 35. Ra4 Kb6 36. b3 Bb5 37. Ra3 Nxf3 38. gxf3 f5 39. c4 Bd7 40.
Nxf5 exf5 41. e5 Bc6 42. exd6 Bf6+ 43. Kb1 Rg2 44. Bf4 Bxf3 45. d7 Bc6 46. Be3
Kc7 47. Bf4+ Kxd7 48. Rxa5 Bb2 {Tinker resigns} 0-1

[Event "ICS rated blitz match"]
[Site "204.178.125.65"]
[Date "2001.09.19"]
[Round "?"]
[White "Hossa"]
[Black "Tinker"]
[Result "1-0"]
[WhiteElo "2605"]
[BlackElo "2468"]
[PlyCount "133"]
[EventDate "2001.??.??"]

1. e4 c5 2. Nf3 d6 3. d4 cxd4 4. Nxd4 Nf6 5. Nc3 a6 6. Be3 e5 7. Nf3 Be7 8. Bc4
Nc6 9. Nd5 Nxd5 10. Bxd5 Bg4 11. O-O O-O 12. a3 Kh8 13. Qe2 Qc7 14. Rfd1 Bf6
15. Rd3 Bh5 16. Rad1 Ne7 17. Bb3 Qc6 18. Bc1 Nc8 19. Bd5 Qc7 20. Rc3 Qe7 21.
Be3 Rb8 22. Rcd3 Qc7 23. Rb3 b5 24. Rc3 Qd8 25. Rcd3 b4 26. Rb3 a5 27. c3 Ne7
28. cxb4 axb4 29. Rxb4 Rxb4 30. axb4 Qb8 31. b5 Bxf3 32. gxf3 Nxd5 33. Rxd5 Rc8
34. b6 Rd8 35. Qc4 Rc8 36. Qa4 Rd8 37. Qa7 Rf8 38. Qxb8 Rxb8 39. Rb5 Rb7 40.
Ra5 h6 41. Ra7 Rb8 42. b7 Bd8 43. Ra8 Rxb7 44. Rxd8+ Kh7 45. Rxd6 Rxb2 46. Kg2
Rb4 47. Kg3 f6 48. Rd7 Kg6 49. Bc5 Rb1 50. f4 exf4+ 51. Kxf4 Rb2 52. Bf8 Rxf2+
53. Kg3 Re2 54. Rxg7+ Kh5 55. Re7 Re1 56. Kf2 Rh1 57. Kg2 Re1 58. Rf7 Kg6 59.
Rg7+ Kh5 60. Kf3 Rf1+ 61. Ke2 Rh1 62. Bd6 Ra1 63. Bf4 Ra2+ 64. Kf3 Rc2 65. Rh7
Kg6 66. Rxh6+ Kg7 67. h4 {Tinker resigns} 1-0

[Event "ICS rated blitz match"]
[Site "204.178.125.65"]
[Date "2001.09.19"]
[Round "?"]
[White "QueenMaxima"]
[Black "Hossa"]
[Result "0-1"]
[WhiteElo "2526"]
[BlackElo "2615"]
[PlyCount "108"]
[EventDate "2001.??.??"]

1. c4 e5 2. g3 Nf6 3. Bg2 Bc5 4. Nc3 O-O 5. e3 c6 6. Nge2 d6 7. O-O Be6 8. d4
Bb4 9. d5 Bg4 10. h3 Bh5 11. Bd2 Qe7 12. Rc1 Bg6 13. dxc6 bxc6 14. Qa4 Bxc3 15.
Nxc3 Bf5 16. e4 Be6 17. Rfd1 Qd7 18. Bg5 Ne8 19. c5 Bxh3 20. Bxh3 Qxh3 21. Be7
Nf6 22. Bxf8 Ng4 23. Qc2 Kxf8 24. cxd6 Na6 25. a3 Nc5 26. d7 Rd8 27. Rd2 Qh2+
28. Kf1 Qh1+ 29. Ke2 Qg2 30. Rf1 Ne3 31. Kxe3 Qxf1 32. Ne2 Nxd7 33. Qxc6 Qh3
34. Qd6+ Ke8 35. Rc2 Nf6 36. Qxe5+ Kf8 37. Qc5+ Kg8 38. Qxa7 Ng4+ 39. Kf4 Ne5
40. Kxe5 Qg4 41. Qxf7+ Kxf7 42. Rc7+ Kf8 43. Nd4 Re8+ 44. Kd6 Qg6+ 45. Kd5
Qxe4+ 46. Kc4 Rd8 47. Kb3 Qxd4 48. Ka2 Qd5+ 49. Ka1 Qd1+ 50. Ka2 Rb8 51. b4 Rd8
52. a4 Rd2+ 53. Rc2 Rxc2+ 54. Ka3 Qf3# {QueenMaxima checkmated} 0-1

[Event "ICS rated blitz match"]
[Site "204.178.125.65"]
[Date "2001.09.19"]
[Round "?"]
[White "Hossa"]
[Black "QueenMaxima"]
[Result "1-0"]
[WhiteElo "2627"]
[BlackElo "2514"]
[PlyCount "79"]
[EventDate "2001.??.??"]

1. d4 b6 2. c4 e6 3. Nc3 Bb7 4. e4 Bb4 5. e5 c5 6. dxc5 Qc7 7. Bf4 Qxc5 8. Qd3
Ne7 9. a3 Qa5 10. Nge2 Ng6 11. Bg3 h5 12. Qd1 Be7 13. b4 Qa6 14. Nf4 Nxf4 15.
Bxf4 Bc6 16. b5 Qa5 17. Qb3 h4 18. Bd2 h3 19. Nd5 Bxd5 20. cxd5 Bb4 21. Bxb4
hxg2 22. Bxg2 Qxb5 23. a4 Qa6 24. dxe6 fxe6 25. Bxa8 Rh5 26. Qg3 Qc4 27. Qg6+
Kd8 28. Qxh5 Qxb4+ 29. Kf1 Qc3 30. Qg5+ Ke8 31. Rc1 Qd3+ 32. Kg2 Kf7 33. Rc8 a6
34. Bf3 Qf5 35. Bh5+ g6 36. Qd8 Qe4+ 37. Bf3 Qxf3+ 38. Kxf3 Kg7 39. Qf8+ Kh7
40. Qh8# {QueenMaxima checkmated} 1-0